00806nam a2200253Ia 450000500170000000800410001702000190005808200140007710000280009124500560011925000190017530000520019449000260024650000340027265000210030665000260032794200120035326400490036533600270041433700330044133800280047404000350050299900150053720220317001209.0160825s2007 mx g 000 0 spa  a9789681682601204a579bD72m1 aDreyfus Cortes, Georges13aEl mundo de los microbioscGeorges Dreyfus Cortés a4a. edición  a95 páginas bfotos en blanco y negro c20 cm  aLa ciencia para todos aIncluye lecturas recomendadas142LEMBaMicrobios 142LEMBaMicroorganismos 2ddccBK aMéxicobFondo de Cultura Económicac2007 atextobtxt2rdacontent asin mediaciónbn2rdamedia avolumenbnc2rdacarrier aCO-BoRNBPbspaerdacCO-BoRNBP c6211d6211